| 000 | 01194cam a2200313 i 4500 | ||
|---|---|---|---|
| 001 | 20488796 | ||
| 003 | EG-ScBUE | ||
| 005 | 20250223105142.0 | ||
| 008 | 180508s2024 ii a f 001 0 eng d | ||
| 020 | _a9789356969629 | ||
| 040 |
_aDLC _beng _erda _cDLC _dEG-ScBUE |
||
| 082 | 0 | 4 |
_a614.13 _222 _bBIS |
| 100 | 1 |
_aBiswas, Gautam, _eauthor. |
|
| 245 | 1 | 0 |
_aForensic medicine and toxicology for medical student : _bincluding clinical and pathological aspects / _cGautam Biswas, MD, Professor and Head, Department of Forensic Medicine and Toxicology, Dayanand Medical College and Hospital, Ludhiana, Punjab, India. |
| 250 | _aSixth edition. | ||
| 264 | 1 |
_aNew Delhi : _bJaypee, the Health Sciences Publisher, _c2024. |
|
| 300 |
_axxxvi, 768 pages : _billustrations (some color) ; _c23 cm |
||
| 336 |
_atext _btxt _2rdacontent |
||
| 337 |
_aunmediated _bn _2rdamedia |
||
| 338 |
_avolume _bnc _2rdacarrier |
||
| 500 | _aIncludes index. | ||
| 650 | 7 |
_aForensic toxicology. _2BUEsh |
|
| 650 | 7 |
_aMedical jurisprudence. _2BUEsh |
|
| 653 |
_cFebruary2025 _bPPhrm |
||
| 655 | _vReading book | ||
| 906 |
_a7 _bcbc _corignew _d2 _encip _f20 _gy-gencatlg |
||
| 942 |
_2ddc _cBB |
||
| 999 |
_c30913 _d30884 |
||